000 00671nam a22002057a 4500
008 260413b |||||||| |||| 00| 0 eng d
020 _a9781779320285
040 _aCUZ
_beng
_cCUZ
_drda
_eCUZ
050 _aBF638.W28WAS
100 _aHenry Wasosa
245 _aPsychology of the people:
_bIntersections of Community and African psychology in Postcolonial Africa
_cby Henry Wasosa
264 _aHarare
_bRayna publishing house
_c©2025
300 _aextent v ,73pages
336 _atext
_btxt
337 _aunmediated
_bn
338 _2rdacarrier
500 _aincludes references
650 _aPsychology
942 _cOS
_i638.W28
_kBF
999 _c45586
_d45586